000 00367nam a22001457a 4500
020 _a978-81-936676-3-7
082 _a894.812
_bRAD/K
100 _aSUKUMARAN, RADHAKRISHNAN
245 _aCANADA ENNA SWAPNABHOOMIYILOODE ORU YATRA
250 _aFIRST EDITION
260 _aTRIVANDRUM
_bINDIA BOOKS
_c2018
300 _a127
650 _aTRAVELOGUE
_zKERALA
942 _cBK
999 _c6986
_d6986